000 00339nam a2200145Ia 4500
008 150201s2009 xx 000 0 und d
082 _a617.7
_bB09J
100 _aJOGI, RENU
245 _aBASIC OPTHALMOLOGY
250 _a4TH
260 _bJAYPEE BROTHERS
_aDELHI
_c2009
300 _a1-502
650 _aOPHTHALMOLOGY
942 _2ddc
_cBK
_010
999 _c104
_d104